00494 2200193 4500001002100000005001500021035002000036007000300056008004100059020001800100082001000118084001600128100002600144245005100170250001000221260003000231300002300261650001600284INLIS00000000000010520170911022246 a0010-0917000091ta170911 f 0  a979-3316-61-6 a2X6.1 a2X6.1 WAJ i0 aWajdi, Muhammad Farid1 aIslam untuk Satu Dunia /cMuhammad Farid Wajdi aCET.1 aSolo :bIntermedia,c2005 a208 hlm ;c19.5 Cm aAgama Islam